| 000 | 01021cad a22002295a 4500 | ||
|---|---|---|---|
| 001 | L156461 | ||
| 008 | 120524s20120521 d f s 000 0 eng u | ||
| 035 | _a(Sirsi) u156461 | ||
| 041 | 0 | _aeng | |
| 050 | _a333.33 $2 18 | ||
| 110 | 2 | _aRightmove | |
| 245 | 0 | 0 |
_aEarly end to spring bounce as May draws first-ever blank _h[electronic resource] |
| 260 |
_aLondon _bRightmove _c2012 |
||
| 490 | 0 | 0 |
_aRightmove House Price Index _vMay 2012 |
| 520 | _aNew sellers average asking prices static. Market takes a breather as both demand and new supply reduce. Growing market mismatch as two in five sellers state they are looking to trade down, drawn from the equity-rich baby-boomer generation, outweighing the one in four intending to trade up. | ||
| 590 | _aKA | ||
| 650 | 2 | 4 | _aRIGHTMOVE HOUSE PRICE INDEX |
| 651 | 4 |
_aUnited Kingdom _y |
|
| 690 |
_aResidential property _96266 |
||
| 856 | 4 | 0 |
_uhttps://www.rightmove.co.uk/news/files/2012/05/may-2012.pdf _zView the item free of charge at www.rightmove.co.uk |
| 942 | _n0 | ||
| 999 |
_c114262 _d114262 |
||